<?xml version="1.0" encoding="UTF-8"?>
<record
    xmlns:xsi="http://www.w3.org/2001/XMLSchema-instance"
    xsi:schemaLocation="http://www.loc.gov/MARC21/slim http://www.loc.gov/standards/marcxml/schema/MARC21slim.xsd"
    xmlns="http://www.loc.gov/MARC21/slim">

  <leader>00949cam a2200241 a 4500</leader>
  <controlfield tag="001">000023358</controlfield>
  <controlfield tag="005">20200930022149.0</controlfield>
  <controlfield tag="008">930114s1984    ru            000 1 spa d</controlfield>
  <datafield tag="040" ind1=" " ind2=" ">
    <subfield code="a">DO-SdBNP</subfield>
    <subfield code="b">spa</subfield>
    <subfield code="c">BNPHU</subfield>
  </datafield>
  <datafield tag="082" ind1=" " ind2=" ">
    <subfield code="a">327.12</subfield>
    <subfield code="b">Z93c</subfield>
  </datafield>
  <datafield tag="100" ind1="1" ind2=" ">
    <subfield code="a">Zubenko, Viacheslav.</subfield>
    <subfield code="9">48118</subfield>
  </datafield>
  <datafield tag="240" ind1="1" ind2="0">
    <subfield code="a">&#x426;&#x420;&#x423; &#x426;&#x420;&#x41E;&#x422;&#x418;&#x412; &#x41B;&#x410;&#x422;&#x418;&#x41D;&#x421;&#x41A;&#x41E;&#x419; &#x410;&#x41C;&#x415;&#x420;&#x418;&#x41A;&#x418;.</subfield>
    <subfield code="l">Espa&#xF1;ol</subfield>
  </datafield>
  <datafield tag="245" ind1="1" ind2="3">
    <subfield code="a">La CIA contra Am&#xE9;rica Latina /</subfield>
    <subfield code="c">Viacheslav Zubenko y Konstant&#xED;n Tor&#xE1;sov ; traducci&#xF3;n B. Levitin ; introducci&#xF3;n Gualterio Cuevas Mardones.</subfield>
  </datafield>
  <datafield tag="260" ind1=" " ind2=" ">
    <subfield code="a">Mosc&#xFA; :</subfield>
    <subfield code="b">Progreso,</subfield>
    <subfield code="c">1984.</subfield>
  </datafield>
  <datafield tag="300" ind1=" " ind2=" ">
    <subfield code="a">332 p. ;</subfield>
    <subfield code="c">17 cm.</subfield>
  </datafield>
  <datafield tag="534" ind1=" " ind2=" ">
    <subfield code="a">T&#xED;tulo original en ruso:</subfield>
    <subfield code="t">&#x426;&#x420;&#x423; &#x426;&#x420;&#x41E;&#x422;&#x418;&#x412; &#x41B;&#x410;&#x422;&#x418;&#x41D;&#x421;&#x41A;&#x41E;&#x419; &#x410;&#x41C;&#x415;&#x420;&#x418;&#x41A;&#x418;.</subfield>
  </datafield>
  <datafield tag="650" ind1=" " ind2="4">
    <subfield code="a">Espionaje</subfield>
    <subfield code="9">3233</subfield>
  </datafield>
  <datafield tag="650" ind1=" " ind2="4">
    <subfield code="a">Servicio de inteligencia</subfield>
    <subfield code="9">48119</subfield>
  </datafield>
  <datafield tag="650" ind1=" " ind2="4">
    <subfield code="a">Policia secreta</subfield>
    <subfield code="9">48120</subfield>
  </datafield>
  <datafield tag="700" ind1="1" ind2=" ">
    <subfield code="a">Tar&#xE1;sov, Konstant&#xED;n.</subfield>
    <subfield code="9">48121</subfield>
  </datafield>
  <datafield tag="700" ind1="1" ind2=" ">
    <subfield code="a">Levitin, B.,</subfield>
    <subfield code="e">tr.</subfield>
    <subfield code="9">48122</subfield>
  </datafield>
  <datafield tag="700" ind1="1" ind2=" ">
    <subfield code="a">Cuevas Mardones, Gualterio,</subfield>
    <subfield code="e">introd.</subfield>
    <subfield code="9">48123</subfield>
  </datafield>
  <datafield tag="952" ind1=" " ind2=" ">
    <subfield code="0">0</subfield>
    <subfield code="1">0</subfield>
    <subfield code="5">0</subfield>
    <subfield code="7">1</subfield>
    <subfield code="8">MO</subfield>
    <subfield code="a">GR</subfield>
    <subfield code="b">GR</subfield>
    <subfield code="c">HD</subfield>
    <subfield code="d">2010-12-03</subfield>
    <subfield code="i">LF1</subfield>
    <subfield code="l">0</subfield>
    <subfield code="o">327.12 Z93c</subfield>
    <subfield code="p">23358-10</subfield>
    <subfield code="r">2020-06-25</subfield>
    <subfield code="w">2020-06-25</subfield>
    <subfield code="y">1</subfield>
    <subfield code="Z">No se presta</subfield>
  </datafield>
  <datafield tag="952" ind1=" " ind2=" ">
    <subfield code="0">0</subfield>
    <subfield code="1">0</subfield>
    <subfield code="5">0</subfield>
    <subfield code="7">-1</subfield>
    <subfield code="8">MO</subfield>
    <subfield code="a">PD</subfield>
    <subfield code="b">PD</subfield>
    <subfield code="c">OI</subfield>
    <subfield code="d">2017-05-25</subfield>
    <subfield code="i">LF1</subfield>
    <subfield code="l">0</subfield>
    <subfield code="o">327.12 Z93c</subfield>
    <subfield code="p">23358-20</subfield>
    <subfield code="r">2020-06-25</subfield>
    <subfield code="w">2020-06-25</subfield>
    <subfield code="y">1</subfield>
    <subfield code="Z">No se presta</subfield>
  </datafield>
  <datafield tag="999" ind1=" " ind2=" ">
    <subfield code="c">22855</subfield>
    <subfield code="d">22855</subfield>
  </datafield>
</record>
